| Tag |
First Indicator |
Second Indicator |
Subfields |
| LEADER |
00000cam a2200000E 4500 |
| 001 |
in00000096889 |
| 005 |
20150925090542.0 |
| 008 |
690606s1963 nmuab b 00010 eng c |
| 010 |
|
|
|a gs 64000211
|
| 035 |
|
|
|a (OCoLC)00009634
|
| 035 |
|
|
|9 AAL2603AM
|
| 040 |
|
|
|a U.S. Geol. Survey. Library
|c DLC
|d TXA
|d UtOrBLW
|
| 049 |
|
|
|a TXAM
|c [435411]
|
| 050 |
0 |
0 |
|a TN24.N6
|b A235 no. 68
|
| 100 |
1 |
|
|a Bingler, Edward C.
|
| 245 |
1 |
0 |
|a Niobium-bearing Sanostee heavy mineral deposit :
|b San Juan basin, northwestern New Mexico /
|c by Edward C. Bingler.
|
| 264 |
|
1 |
|a Socorro :
|b New Mexico Bureau of Mines and Mineral Resources, New Mexico Institute of Mining and Technology,
|c 1963.
|
| 300 |
|
|
|a iii, 63 pages :
|b illustrations, maps (1 folded col.in pocket) ;
|c 28 cm.
|
| 336 |
|
|
|a text
|b txt
|2 rdacontent
|
| 337 |
|
|
|a unmediated
|b n
|2 rdamedia
|
| 338 |
|
|
|a volume
|b nc
|2 rdacarrier
|
| 490 |
1 |
|
|a New Mexico. Bureau of Mines and Mineral Resources. Circular ;
|v 68
|
| 504 |
|
|
|a Bibliography: pages [61]-63.
|
| 650 |
|
0 |
|a Geology
|z New Mexico
|z Sanostee Region.
|
| 650 |
|
0 |
|a Mines and mineral resources
|z New Mexico
|z Sanostee Region.
|
| 650 |
|
0 |
|a Niobium.
|
| 740 |
0 |
|
|a San Juan basin, northwestern New Mexico.
|
| 830 |
|
0 |
|a Circular (New Mexico. Bureau of Mines and Mineral Resources) ;
|v 68.
|
| 999 |
|
|
|a MARS
|
| 999 |
f |
f |
|s 06e9e622-d9dd-36a6-976d-c769a8183acc
|i 55a563bc-7608-39f3-b847-7ec031acec4a
|t 0
|
| 952 |
f |
f |
|p ric
|a Texas A&M University
|b Rellis Campus
|c Joint Library Facility
|d Remote Storage
|t 0
|e TN24.N6 A235 no.68
|h Library of Congress classification
|i unmediated -- volume
|m A14805566951
|
| 998 |
f |
f |
|a TN24.N6 A235 no.68
|t 0
|l Remote Storage
|